NFL 2019-2020 Multiple Choice - Statistics

General Stats
  • This quiz has been taken 231 times
  • The average score is 12 of 20
Answer Stats
Question Answer % Correct
Which free agent quarterback signed with the New England Patriots for 1 year? Cam Newton
89%
Who did the Green Bay Packers take with the 26th pick of the 2020 NFL Draft? Jordan Love
89%
Who was the Offensive Rookie of the Year? Kyler Murray
89%
Which quarterback won the Super Bowl? Patrick Mahomes
89%
Which team did Tom Brady sign with in 2020? Tampa Bay Buccaneers
89%
Which running back had the most receiving yards? Christian McCaffrey
83%
Which quarterback had the most rushing yards? Lamar Jackson
83%
Who won the MVP award? Lamar Jackson
78%
Who led the league in receiving yards? Michael Thomas
72%
Who was the Defensive Rookie of the Year? Nick Bosa
72%
Which halfback had the most rushing yards? Derrick Henry
61%
Who led the league in passing yards? Jameis Winston
50%
Which quarterback played 5 games for the Denver Broncos and won 4 of them? Drew Lock
44%
Which legendary quarterback decided to retire at the end of the season? Eli Manning
44%
Who was the Offensive Player of the Year? Michael Thomas
44%
Which quarterback won two playoff titles before losing to the Chiefs in the AFC Conference Championship? Ryan Tannehill
33%
Who did the Houston Texans gain after trading DeAndre Hopkins? All of the Above
17%
Who was the Defensive Player of the Year? Stephon Gilmore
17%
Who serves as Philip Rivers' replacement for 2020? All of the Above
11%
Which player on the Tampa Bay Buccaneers had the most receiving yards? Chris Godwin
11%
No matching quizzes found
Score Distribution
Percent of People with Each Score
Percentile by Number Answered
Your Score History
You have not taken this quiz